00499nam a2200133Ia 4500008004100000100002200041245005800063245009700121260005300218260000900271300000900280650001500289856006100304170221s9999 xx 000 0 und d aValeriy P. Popkov aSmall Business in the Economic System of the Country  cValeriy P. Popkov, Sergei M. Lepeshkin, Olga V. Fokina, Daria I. Orlova, Irina G. Altsybeeva bInternational Review of Management and Marketing c2016 a15 : xMarketing. uhttp://www.econjournals.com/index.php/irmm/issue/view/86